Capitales d'Afrique du Nord au Sud - Statistiques

Statistiques générales
  • Ce quiz a été pris 3 fois
  • Le résultat moyen est 39 sur 56
Statistiques - réponses
Hint Réponse % Correct
36.77N Alger
100%
15.33N Asmara
100%
15.63N Khartoum
100%
30.05N Le Caire
100%
18.1N Nouakchott
100%
14.92N Praia
100%
34.03N Rabat
100%
32.9N Tripoli
100%
36.8N Tunis
100%
9.07N Abuja
67%
5.55N Accra
67%
18.93S Antananarivo
67%
12.65N Bamako
67%
4.37N Bangui
67%
13.45N Banjul
67%
11.85N Bissau
67%
29.12S Bloemfontein
67%
4.27S Brazzaville
67%
9.52N Conakry
67%
14.68N Dakar
67%
11.58N Djibouti
67%
4.85N Djouba
67%
6.17S Dodoma
67%
8.48N Freetown
67%
24.65S Gaborone
67%
3.43S Gitega
67%
17.85S Harare
67%
0.3N Kampala
67%
1.93S Kigali
67%
4.32S Kinshasa
67%
33.92S Le Cap
67%
0.38N Libreville
67%
13.98S Lilongwe
67%
6.12N Lome
67%
8.83S Luanda
67%
15.42S Lusaka
67%
3.75N Malabo
67%
25.97S Maputo
67%
29.3S Maseru
67%
26.32S Mbabane
67%
6.3N Monrovia
67%
11.68S Moroni
67%
1.28S Nairobi
67%
12.1N N'Djamena
67%
13.52N Niamey
67%
12.35N Ouagadougou
67%
20.15S Port Louis
67%
6.48N Porto-Novo
67%
25.73S Pretoria
67%
0.33N Sao Tomé
67%
22.57S Windhoek
67%
6.82N Yamoussoukro
67%
3.87N Yaounde
67%
9.02N Addis Abeba
33%
2.03N Mogadiscio
33%
4.62S Victoria
33%
Aucun quiz correspondant
Distribution des résultats
% des personnes avec chaque résultat
Percentile par nombre de réponses
Votre historique - résultats
Vous n’avez pas pris ce quiz